EPR : English proficiency for empowered professionals / Priscilla M. Santillana [and seven others]. (Record no. 21340)

000 -LEADER
fixed length control field 00631nam a22001697a 4500
020 ## - INTERNATIONAL STANDARD BOOK NUMBER
ISBN 9786214092352
082 ## - DEWEY DECIMAL CLASSIFICATION NUMBER
Classification number 428.24
Item number Sa2357 2023
100 ## - MAIN ENTRY--AUTHOR NAME
Personal name Santillana, Priscilla M., author.
245 ## - TITLE STATEMENT
Title EPR : English proficiency for empowered professionals / Priscilla M. Santillana [and seven others].
260 ## - PUBLICATION, DISTRIBUTION, ETC. (IMPRINT)
Place of publication Mandaluyong City :
Name of publisher Books Atbp. Publishing Corp.,
Year of publication ©2023.
300 ## - PHYSICAL DESCRIPTION
Number of Pages vii, 131 pages ;
Other physical details 26 cm
500 ## - GENERAL NOTE
General note Includes bibliographical references.
650 ## - SUBJECT ADDED ENTRY--TOPICAL TERM
Topical Term English language -- Study and teaching.
650 ## - SUBJECT ADDED ENTRY--TOPICAL TERM
Topical Term English language -- Usage.
650 ## - SUBJECT ADDED ENTRY--TOPICAL TERM
Topical Term English language -- Communication skills.
942 ## - ADDED ENTRY ELEMENTS (KOHA)
Koha item type Books
Holdings
Source of acquisition Permanent Location Date acquired Koha item type Collection code Accession Number Lost status Shelving location Withdrawn status Current Location Full call number
SchoolCagayan State University - Carig Library2025-09-04BooksLanguages011174 General Collection Cagayan State University - Carig Library428.24 Sa2357 2023
SchoolCagayan State University - Carig Library2025-09-04BooksLanguages011175 General Collection Cagayan State University - Carig Library428.24 Sa2357 2023
SchoolCagayan State University - Carig Library2025-09-04BooksLanguages011176 General Collection Cagayan State University - Carig Library428.24 Sa2357 2023

Cagayan State University University Library, Carig Campus
Tuguegarao City, Cagayan 3500 | www.csucarig.edu.ph

Powered by Koha